[Event "Frankfurt Ch 2010"]
[Site "Ffm-Kalbach, LAZ"]
[Date "2010.06.07"]
[Round "6.26"]
[White "Henzner, Reiner"]
[Black "Genis, Roy"]
[Result "1/2-1/2"]
[WhiteElo "2082"]
[BlackElo "1947"]
[PlyCount "83"]
[EventDate "2010.??.??"]
[SourceDate "2009.03.13"]
[WhiteTeam "SV Oberursel"]
[BlackTeam "SG 1945 Dietzenbach"]

1. e4 e5 2. Nf3 Nc6 3. Bb5 f5 4. Nc3 fxe4 5. Nxe4 Nf6 6. Qe2 Nxe4 7. Qxe4 Be7
8. Bxc6 dxc6 9. O-O O-O 10. Qc4+ Qd5 11. Qxd5+ cxd5 12. Nxe5 Bd6 13. d4 Bf5 14.
c3 c5 15. Be3 Rae8 16. Rfe1 b6 17. Nf3 Bg4 18. Nd2 Rf6 19. dxc5 bxc5 20. f3
Rfe6 21. Bf2 Bf5 22. Nb3 Rxe1+ 23. Rxe1 Rxe1+ 24. Bxe1 c4 25. Nc1 Kf7 26. Bf2
a6 27. Ne2 Bb1 28. a3 Bd3 29. Nd4 Bf4 30. b4 cxb3 31. Nxb3 Bc4 32. Na5 Bb5 33.
Bd4 Bd6 34. Kf2 g6 35. Ke3 Bxa3 36. Be5 Bc5+ 37. Kf4 Ke6 38. Nb3 Bg1 39. Nd4+
Bxd4 40. Bxd4 Bd3 41. Ke3 Bc4 42. Bc5 1/2-1/2

[Event "Frankfurt Ch 2010"]
[Site "Ffm-Kalbach, LAZ"]
[Date "2010.06.07"]
[Round "6.27"]
[White "Schlößner, Henrik"]
[Black "Seickel, Ralf"]
[Result "1-0"]
[WhiteElo "2043"]
[BlackElo "1720"]
[PlyCount "73"]
[EventDate "2010.??.??"]
[SourceDate "2009.03.13"]
[WhiteTeam "SV Kinzigtal"]
[BlackTeam "vereinslos"]

1. e4 c5 2. Nf3 d6 3. d4 cxd4 4. Nxd4 Nf6 5. Nc3 a6 6. Bg5 Nbd7 7. Bc4 Qb6 8.
Bb3 e6 9. Qd2 Be7 10. O-O-O Nc5 11. f3 Qc7 12. g4 Bd7 13. Rhe1 O-O 14. h4 b5
15. Bxf6 Bxf6 16. g5 Be7 17. Kb1 b4 18. Nce2 a5 19. Nc1 a4 20. Bc4 b3 21. cxb3
a3 22. bxa3 Rxa3 23. Qc2 Rb8 24. f4 Na4 25. f5 d5 26. fxe6 dxc4 27. exd7 cxb3
28. Ndxb3 Nc3+ 29. Ka1 Rba8 30. Rd3 Rxa2+ 31. Nxa2 Rxa2+ 32. Qxa2 Nxa2 33. Red1
Bd8 34. Kxa2 Qc2+ 35. Ka3 Be7+ 36. Rd6 Qxd1 37. d8=Q+ 1-0

[Event "Frankfurt Ch 2010"]
[Site "Ffm-Kalbach, LAZ"]
[Date "2010.06.07"]
[Round "6.28"]
[White "Weber, Andreas"]
[Black "Hierling, Stefan"]
[Result "0-1"]
[WhiteElo "1895"]
[BlackElo "2059"]
[PlyCount "103"]
[EventDate "2010.??.??"]
[SourceDate "2009.03.13"]
[WhiteTeam "Sfr. Frankfurt 1921"]
[BlackTeam "SK 1927 Dieburg"]

1. e4 e5 2. f4 exf4 3. Nf3 Be7 4. Bc4 d6 5. O-O Nf6 6. d3 O-O 7. Bxf4 Nc6 8.
Nc3 Na5 9. Bb3 Nxb3 10. axb3 c6 11. Be3 Ng4 12. Qd2 Nxe3 13. Qxe3 b6 14. Nd4
Bb7 15. Nf5 Bf6 16. Ne2 Bc8 17. c3 Kh8 18. Rad1 Bxf5 19. Rxf5 g6 20. Rf3 Bg7
21. Rdf1 Qe7 22. Qf2 Kg8 23. Nd4 Rac8 24. Nc2 f6 25. Re1 Qe6 26. b4 Rc7 27. Rh3
Rb7 28. Nd4 Qe8 29. Qc2 Re7 30. Rhe3 Kh8 31. Nf3 c5 32. bxc5 bxc5 33. d4 Qc6
34. d5 Qb6 35. c4 Rb8 36. b3 Qa5 37. Nh4 Reb7 38. e5 fxe5 39. Rf1 Rf8 40. Rxf8+
Bxf8 41. Nxg6+ hxg6 42. Qxg6 Rh7 43. Qe8 Qa1+ 44. Kf2 Qb2+ 45. Ke1 Qb1+ 46. Ke2
Qc2+ 47. Ke1 Qf5 48. Rf3 Re7 49. Rh3+ Kg8 50. Rg3+ Rg7 51. Rf3 Qb1+ 52. Kf2 0-1

[Event "Frankfurt Ch 2010"]
[Site "Ffm-Kalbach, LAZ"]
[Date "2010.06.07"]
[Round "6.29"]
[White "Poetsch, Gero"]
[Black "Lehmann, Gerit"]
[Result "1-0"]
[WhiteElo "2015"]
[BlackElo "1486"]
[PlyCount "71"]
[EventDate "2010.??.??"]
[SourceDate "2009.03.13"]
[WhiteTeam "SC Nidderau"]
[BlackTeam "SC 1924 Lampertheim"]

1. e4 e5 2. Bc4 Bc5 3. d4 exd4 4. Bxf7+ Kxf7 5. Qh5+ g6 6. Qxc5 Nc6 7. Nf3 Qe7
8. Qd5+ Ke8 9. O-O Nf6 10. Qc4 Qb4 11. Qd3 d6 12. a3 Qb6 13. c3 dxc3 14. Nxc3
Qb3 15. Nd4 Ne5 16. Qg3 Qf7 17. f4 Nc6 18. Nxc6 bxc6 19. e5 Nh5 20. Qf3 d5 21.
Be3 Rf8 22. Bc5 Rg8 23. Rae1 Ng7 24. Ne2 Ne6 25. Qc3 Nxc5 26. Qxc5 Bd7 27. e6
Qe7 28. exd7+ Kxd7 29. Rc1 Qxc5+ 30. Rxc5 Rab8 31. b4 Rge8 32. Nd4 Re3 33. Nxc6
Rb7 34. Ne5+ Kd6 35. Rd1 c6 36. Nc4+ 1-0

[Event "Frankfurt Ch 2010"]
[Site "Ffm-Kalbach, LAZ"]
[Date "2010.06.07"]
[Round "6.30"]
[White "Richter, Wolfram"]
[Black "Janke, Christian"]
[Result "0-1"]
[WhiteElo "1560"]
[BlackElo "1859"]
[PlyCount "82"]
[EventDate "2010.??.??"]
[SourceDate "2009.03.13"]
[WhiteTeam "SK Bad Sooden-Allendorf"]
[BlackTeam "SV Spr.Siershahn"]

1. Nf3 f5 2. d4 Nf6 3. Nbd2 g6 4. g3 Bg7 5. c4 O-O 6. Bg2 d6 7. Nb3 h6 8. h4
Nbd7 9. Be3 Ng4 10. Bd2 e5 11. dxe5 Ngxe5 12. Rc1 Nxf3+ 13. Bxf3 Bxb2 14. Rc2
Bg7 15. Qc1 Kh7 16. O-O Ne5 17. Bg2 Rb8 18. Rd1 Qe7 19. c5 dxc5 20. Nxc5 c6 21.
Bf4 h5 22. Rcd2 Rf7 23. Bh3 b6 24. Nb3 c5 25. Rd5 Bb7 26. Bxe5 Bxe5 27. R5d3
Bf6 28. Nd2 Qxe2 29. Re3 Qb5 30. Bg2 Bd4 31. Re6 Qd7 32. Rde1 Bf6 33. Nf3 Be4
34. R6xe4 fxe4 35. Rxe4 Rd8 36. Kh2 Re7 37. Rf4 Kg7 38. Bh3 Qd1 39. Qc4 Qd5 40.
Qc2 Be5 41. Ra4 Qxf3 0-1

[Event "Frankfurt Ch 2010"]
[Site "Ffm-Kalbach, LAZ"]
[Date "2010.06.07"]
[Round "6.31"]
[White "Kletzerman, Simon"]
[Black "Geringer, Waldemar"]
[Result "0-1"]
[WhiteElo "1541"]
[BlackElo "1949"]
[PlyCount "90"]
[EventDate "2010.??.??"]
[SourceDate "2009.03.13"]
[WhiteTeam "TuS Makkabi Ffm"]
[BlackTeam "SC 1950 Eppertshausen"]

1. e4 c5 2. Nf3 d6 3. d4 cxd4 4. Nxd4 Nf6 5. Nc3 a6 6. Bd3 e5 7. Nde2 Be6 8.
O-O Nc6 9. a3 Rc8 10. h3 Be7 11. Be3 O-O 12. f4 b5 13. f5 Bc4 14. Ng3 Bxd3 15.
cxd3 d5 16. Nce2 dxe4 17. dxe4 Qxd1 18. Rfxd1 Na5 19. b4 Nc4 20. Bc1 Rfd8 21.
Nc3 Rxd1+ 22. Nxd1 Rd8 23. Nb2 Rd4 24. Nxc4 Rxc4 25. Bg5 h6 26. Bxf6 Bxf6 27.
Rf1 Bh4 28. Rf3 Bxg3 29. Rxg3 Rxe4 30. f6 g5 31. Kf2 Rf4+ 32. Rf3 Kh7 33. g3
Rxf3+ 34. Kxf3 Kg6 35. Ke4 Kxf6 36. g4 Ke6 37. Ke3 Kd5 38. Kd3 e4+ 39. Ke3 Ke5
40. Ke2 Kf4 41. Kf2 e3+ 42. Ke2 Ke4 43. Ke1 f5 44. gxf5 Kxf5 45. Ke2 Kf4 0-1

[Event "Frankfurt Ch 2010"]
[Site "Ffm-Kalbach, LAZ"]
[Date "2010.06.07"]
[Round "6.32"]
[White "Schneider, Uwe"]
[Black "Abrahamyan, Arsen"]
[Result "1/2-1/2"]
[WhiteElo "2011"]
[BlackElo "1664"]
[PlyCount "76"]
[EventDate "2010.??.??"]
[SourceDate "2009.03.13"]
[WhiteTeam "SV Kinzigtal"]
[BlackTeam "Frankfurter TV 1860"]

1. d4 Nf6 2. c4 d6 3. Nc3 Nbd7 4. Nf3 g6 5. e4 e5 6. Be2 Bg7 7. dxe5 dxe5 8.
Qc2 O-O 9. Bg5 c6 10. h3 h6 11. Be3 Nh5 12. O-O-O Nf4 13. Bf1 a6 14. Kb1 b5 15.
g3 Ne6 16. Bg2 b4 17. Ne2 a5 18. Qd2 Kh7 19. Nh2 c5 20. f4 Qb6 21. Ng4 exf4 22.
gxf4 h5 23. Nf2 Rd8 24. Qc1 Bb7 25. Rhg1 Nd4 26. Bxd4 cxd4 27. Nd3 Nc5 28. e5
Nxd3 29. Rxd3 Bxg2 30. Rxg2 Rac8 31. Ng1 Qc6 32. Rc2 Qe4 33. Qd2 Bh6 34. Ne2
Rc7 35. Rxd4 Rxd4 36. Qxd4 Qxd4 37. Nxd4 Bxf4 38. e6 Be3 1/2-1/2

[Event "Frankfurt Ch 2010"]
[Site "Ffm-Kalbach, LAZ"]
[Date "2010.06.07"]
[Round "6.33"]
[White "Makilla, Tobias"]
[Black "Reschke, Thomas"]
[Result "0-1"]
[WhiteElo "1897"]
[BlackElo "2184"]
[PlyCount "24"]
[EventDate "2010.??.??"]
[SourceDate "2009.03.13"]
[WhiteTeam "Sfr.1932 Kelkheim"]
[BlackTeam "SC Frankfurt-West"]

1. e4 g6 2. d4 Bg7 3. Nc3 d6 4. Be3 c6 5. Bd3 Nf6 6. f4 Ng4 7. Qf3 Nxe3 8. Qxe3
Qb6 9. Nge2 e5 10. fxe5 dxe5 11. O-O exd4 12. Qf2 dxc3 0-1

[Event "Frankfurt Ch 2010"]
[Site "Ffm-Kalbach, LAZ"]
[Date "2010.06.07"]
[Round "6.34"]
[White "Marzahn, Heiko"]
[Black "Tews, Artur"]
[Result "1-0"]
[WhiteElo "1984"]
[BlackElo "1765"]
[PlyCount "47"]
[EventDate "2010.??.??"]
[SourceDate "2009.03.13"]
[WhiteTeam "Sfr.Erbach"]
[BlackTeam "Bad Vilbeler Sfr.1985"]

1. e4 e6 2. d4 d5 3. Nc3 Nf6 4. e5 Nfd7 5. f4 c5 6. Nf3 Nc6 7. Be3 cxd4 8. Nxd4
Be7 9. Qh5 Nxd4 10. Bxd4 O-O 11. Bd3 g6 12. Qh6 Nc5 13. Bxc5 Bxc5 14. O-O-O Qb6
15. Ne2 a5 16. h4 Re8 17. h5 Bf8 18. Qg5 Qd8 19. Qg3 Re7 20. Rh3 Qe8 21. Rdh1
Bg7 22. hxg6 hxg6 23. Qh2 f5 24. Rh8+ 1-0

[Event "Frankfurt Ch 2010"]
[Site "Ffm-Kalbach, LAZ"]
[Date "2010.06.07"]
[Round "6.35"]
[White "Gutacker, Stephan"]
[Black "Fröhlich-Dill, Astrid"]
[Result "0-1"]
[WhiteElo "1936"]
[BlackElo "1910"]
[PlyCount "76"]
[EventDate "2010.??.??"]
[SourceDate "2009.03.13"]
[WhiteTeam "Sfr.1932 Kelkheim"]
[BlackTeam "SV 1920 Hofheim"]

1. e4 c5 2. c3 Nc6 3. d4 cxd4 4. cxd4 d5 5. exd5 Qxd5 6. Nf3 e6 7. Nc3 Bb4 8.
Bd2 Qf5 9. Nb5 Qf4 10. Bxb4 Nxb4 11. Rc1 Nd5 12. Qc2 Nge7 13. Be2 O-O 14. O-O
Nc6 15. g3 Qf6 16. Qe4 Qe7 17. a3 a6 18. Nc3 Nf6 19. Qh4 Rd8 20. Rfd1 h6 21.
Ne5 Nd5 22. Qxe7 Ncxe7 23. Bh5 g6 24. Bf3 Kg7 25. Nxd5 Nxd5 26. Bxd5 exd5 27.
Rc7 Be6 28. Rxb7 Rdc8 29. Nd3 Rc2 30. Nc5 Bh3 31. Re7 Rxb2 32. Nd3 Ra2 33. Nf4
Bg4 34. Rd3 Rb8 35. h3 Bf5 36. Rde3 Be4 37. Re2 Rb1+ 38. Kh2 Rh1# 0-1

[Event "Frankfurt Ch 2010"]
[Site "Ffm-Kalbach, LAZ"]
[Date "2010.06.07"]
[Round "6.37"]
[White "Fischer, Ulrich"]
[Black "Cors, Heinz-Friedrich"]
[Result "1/2-1/2"]
[WhiteElo "1727"]
[BlackElo "1959"]
[PlyCount "113"]
[EventDate "2010.??.??"]
[SourceDate "2009.03.13"]
[WhiteTeam "Frankfurter TV 1860"]
[BlackTeam "SV Schachf.Darmstadt 1994"]

1. e4 e5 2. Nf3 Nc6 3. Nc3 g6 4. d4 exd4 5. Nxd4 Bg7 6. Nxc6 bxc6 7. Bc4 d6 8.
O-O Be6 9. Qd3 Ne7 10. f4 d5 11. Bb3 dxe4 12. Qxe4 Qd4+ 13. Qxd4 Bxd4+ 14. Kh1
O-O 15. Bxe6 fxe6 16. Ne4 Rae8 17. c3 Bg7 18. Be3 Nd5 19. Bxa7 Rxf4 20. Rfe1 e5
21. Bf2 Rf7 22. Bg3 h6 23. a4 Rb8 24. Ra2 Nf4 25. a5 Nd3 26. Rb1 c5 27. a6 c6
28. a7 Ra8 29. Rba1 c4 30. Nd6 Rd7 31. Nxc4 Rb7 32. Ra6 Nc5 33. R6a2 Nb3 34.
Rd1 Rbxa7 35. Rxa7 Rxa7 36. Bxe5 Bxe5 37. Nxe5 Kg7 38. Rd7+ Rxd7 39. Nxd7 c5
40. Kg1 Kf7 41. Ne5+ Kf6 42. Nf3 Kf5 43. Kf2 Ke4 44. Ke2 Nc1+ 45. Kd2 Nd3 46.
b3 Nf4 47. Nh4 g5 48. g3 Nh3 49. Ng2 g4 50. b4 cxb4 51. cxb4 Ng5 52. Ne1 Kd4
53. b5 Ne4+ 54. Ke2 Nc3+ 55. Kf2 Nxb5 56. Nc2+ Ke4 57. Ne3 1/2-1/2

[Event "Frankfurt Ch 2010"]
[Site "Ffm-Kalbach, LAZ"]
[Date "2010.06.07"]
[Round "6.38"]
[White "Djakow, Alexander"]
[Black "Larem, Peter"]
[Result "1-0"]
[WhiteElo "1833"]
[BlackElo "1921"]
[PlyCount "91"]
[EventDate "2010.??.??"]
[SourceDate "2009.03.13"]
[WhiteTeam "SC Bad Nauheim"]
[BlackTeam "SC 1950 Eppertshausen"]

1. d4 Nf6 2. c4 c5 3. e3 g6 4. Nf3 Bg7 5. Bd3 O-O 6. O-O d6 7. Na3 a6 8. Bd2
Bg4 9. h3 Bd7 10. Rb1 Qc7 11. Qe2 Re8 12. Nc2 e5 13. dxe5 dxe5 14. e4 Nc6 15.
Ne3 Nd4 16. Nxd4 exd4 17. Nd5 Nxd5 18. cxd5 f5 19. f3 fxe4 20. fxe4 Be5 21. b4
Bd6 22. Rbc1 b6 23. Bxa6 Qa7 24. Bc4 b5 25. Bxb5 Bxb5 26. Qxb5 cxb4 27. Rc6
Qxa2 28. Bh6 Bf8 29. Rf2 Qb1+ 30. Rc1 Qxe4 31. Bd2 Rab8 32. Qc4 d3 33. Qc6 Qd4
34. Rc4 Qa1+ 35. Rf1 Qb2 36. Bg5 Qe5 37. Bf4 Qe2 38. Bxb8 Qe3+ 39. Kh1 Rxb8 40.
d6 Qe2 41. Rcf4 Qe6 42. Rf6 Qb3 43. Qc7 Ra8 44. d7 Qd5 45. Rxf8+ Rxf8 46. Rxf8+
1-0

[Event "Frankfurt Ch 2010"]
[Site "Ffm-Kalbach, LAZ"]
[Date "2010.06.07"]
[Round "6.39"]
[White "Plattner, Rolf"]
[Black "Thomele, Michael"]
[Result "0-1"]
[WhiteElo "1925"]
[BlackElo "1827"]
[PlyCount "40"]
[EventDate "2010.??.??"]
[SourceDate "2009.03.13"]
[WhiteTeam "SK Langen"]
[BlackTeam "SC 1959 Obernau"]

1. d4 d5 2. Nf3 Nf6 3. c4 c6 4. Nc3 a6 5. cxd5 cxd5 6. g3 Nc6 7. Bg2 h6 8. O-O
Bf5 9. a3 e6 10. Qb3 b5 11. Nxb5 Na5 12. Qa4 axb5 13. Qxb5+ Qd7 14. Qb6 Bd6 15.
Bf4 Bxf4 16. gxf4 O-O 17. Ne5 Qe7 18. b4 Nb3 19. Ra2 Rfb8 20. Nc6 Qd6 0-1

[Event "Frankfurt Ch 2010"]
[Site "Ffm-Kalbach, LAZ"]
[Date "2010.06.07"]
[Round "6.40"]
[White "Funkschmidt, Kai Michael"]
[Black "Steiz, Johann"]
[Result "1/2-1/2"]
[WhiteElo "1821"]
[BlackElo "1593"]
[PlyCount "96"]
[EventDate "2010.??.??"]
[SourceDate "2009.03.13"]
[WhiteTeam "SC Empor Maulwurf Bonn"]
[BlackTeam "ESV Grossenbaum 1973"]

1. e4 e6 2. d4 d5 3. exd5 exd5 4. Bd3 Nf6 5. Bg5 Be7 6. Ne2 h6 7. Bh4 Nbd7 8.
c3 O-O 9. Na3 c6 10. Nc2 a5 11. Ne3 Nb6 12. O-O Ne4 13. Bxe7 Qxe7 14. Qc2 f5
15. Nf4 Qf7 16. f3 Nd6 17. g4 g5 18. Nh5 f4 19. Ng2 Be6 20. h4 Nd7 21. hxg5
hxg5 22. Bg6 Qe7 23. Rae1 Nf6 24. Nhxf4 gxf4 25. Nxf4 Nfe4 26. fxe4 Rxf4 27.
Rxf4 Qg5 28. exd5 Bxg4 29. Rxg4 Qxg4+ 30. Qg2 Qxg2+ 31. Kxg2 cxd5 32. Re5 Nc4
33. Re7 Ra6 34. Bd3 Rb6 35. b3 Kf8 36. Re2 Na3 37. Re5 Nb5 38. Rxd5 Nxc3 39.
Rxa5 Rd6 40. d5 Rxd5 41. Rxd5 Nxd5 42. Be4 Nc3 43. Bxb7 Nxa2 44. Kf3 Ke7 45.
Ke4 Kd6 46. Kd4 Kc7 47. Be4 Kb6 48. Kc4 Ka5 1/2-1/2

[Event "Frankfurt Ch 2010"]
[Site "Ffm-Kalbach, LAZ"]
[Date "2010.06.07"]
[Round "6.41"]
[White "Hillgärtner, Walter"]
[Black "Miller, Justin"]
[Result "1-0"]
[WhiteElo "1946"]
[BlackElo "1311"]
[PlyCount "65"]
[EventDate "2010.??.??"]
[SourceDate "2009.03.13"]
[WhiteTeam "SC Bad Nauheim"]
[BlackTeam "Sfr.1932 Kelkheim"]

1. Nf3 Nf6 2. c4 g6 3. Nc3 Bg7 4. g3 O-O 5. Bg2 d6 6. O-O c5 7. d4 cxd4 8. Nxd4
Nbd7 9. e4 Nb6 10. b3 a6 11. Bb2 Qc7 12. Rc1 e6 13. Qd3 Bd7 14. Rfd1 Rfd8 15.
a4 Rac8 16. Nce2 Bc6 17. Nxc6 bxc6 18. Qb1 Rb8 19. Qc2 c5 20. Bc3 Ne8 21. Bxg7
Nxg7 22. Rd3 Nc8 23. Rcd1 Na7 24. Qd2 Ne8 25. e5 Nc8 26. Nc1 d5 27. cxd5 exd5
28. Bxd5 Kg7 29. Qc3 Kf8 30. Ne2 Ne7 31. f4 Nc6 32. Qxc5+ Kg8 33. Qxc6 1-0

[Event "Frankfurt Ch 2010"]
[Site "Ffm-Kalbach, LAZ"]
[Date "2010.06.07"]
[Round "6.42"]
[White "Barisch, Florian"]
[Black "Winand, Edgar"]
[Result "1-0"]
[WhiteElo "1932"]
[BlackElo "1989"]
[PlyCount "63"]
[EventDate "2010.??.??"]
[SourceDate "2009.03.13"]
[WhiteTeam "SV 1934 Ffm-Griesheim"]
[BlackTeam "SC KT Oberursel"]

1. d4 d6 2. e4 g6 3. Nc3 Bg7 4. f3 Nc6 5. Be3 e5 6. Nge2 a6 7. g4 exd4 8. Nxd4
Ne5 9. Be2 Bf6 10. Bf2 h5 11. gxh5 Bh4 12. Bg3 Rxh5 13. Kf2 Nf6 14. Nd5 Nxd5
15. exd5 Qf6 16. Kg1 Bh3 17. f4 Ng4 18. Bf3 O-O-O 19. Bxg4+ Kb8 20. Bxh3 Rdh8
21. Bg2 Qg7 22. Qd3 Bf6 23. c3 g5 24. f5 Qh7 25. Re1 Be5 26. Nc6+ bxc6 27. dxc6
Kc8 28. Rxe5 dxe5 29. Bxe5 f6 30. Bxf6 Rxh2 31. Qd7+ Qxd7 32. cxd7+ {ZÜ} 1-0

[Event "Frankfurt Ch 2010"]
[Site "Ffm-Kalbach, LAZ"]
[Date "2010.06.07"]
[Round "6.43"]
[White "Seifert, Norbert"]
[Black "Lanz, Jürgen"]
[Result "0-1"]
[WhiteElo "2054"]
[BlackElo "1553"]
[PlyCount "112"]
[EventDate "2010.??.??"]
[SourceDate "2009.03.13"]
[WhiteTeam "Sfr. Neuberg"]
[BlackTeam "SC 1979 Hattersheim"]

1. d4 Nf6 2. Nf3 d5 3. e3 Bg4 4. c4 e6 5. Nc3 Bb4 6. Qa4+ Nc6 7. Ne5 Bxc3+ 8.
bxc3 O-O 9. Nxc6 bxc6 10. Qxc6 Rb8 11. Bd3 Rb6 12. Qa4 dxc4 13. Bxc4 Nd5 14.
Ba3 Qg5 15. Bxd5 Qxd5 16. O-O Rfb8 17. f3 Bh5 18. c4 Qb7 19. Qd7 f6 20. e4 Be8
21. Qe7 Ba4 22. Qc5 Rc6 23. Qe7 Rb6 24. d5 exd5 25. cxd5 Ra6 26. Rfc1 Qb6+ 27.
Bc5 Qa5 28. Be3 Rc8 29. Bxa7 Re8 30. Qxc7 Rxa7 31. Qxa5 Rxa5 32. Kf2 Kf7 33.
Ke3 Rxd5 34. Rc7+ Rd7 35. Rxd7+ Bxd7 36. a4 Ra8 37. a5 Ke6 38. Kd4 Kd6 39. f4
Bc6 40. e5+ fxe5+ 41. fxe5+ Ke6 42. a6 Ra7 43. g3 Bb5 44. Ra5 Bf1 45. Kc5 Rxa6
46. Rxa6+ Bxa6 47. Kd4 Bb7 48. Ke3 Kxe5 49. Kf2 g5 50. Ke3 Kf5 51. h3 Bg2 52.
h4 gxh4 53. gxh4 Kg4 54. Kf2 Be4 55. Ke3 Kxh4 56. Kxe4 Kg3 0-1

[Event "Frankfurt Ch 2010"]
[Site "Ffm-Kalbach, LAZ"]
[Date "2010.06.07"]
[Round "6.45"]
[White "Bock, Mario"]
[Black "Lemonidis, Christos"]
[Result "1/2-1/2"]
[WhiteElo "1468"]
[BlackElo "1762"]
[PlyCount "82"]
[EventDate "2010.??.??"]
[SourceDate "2009.03.13"]
[WhiteTeam "Sfr. Frankfurt 1921"]
[BlackTeam "SC 1961 König Nied"]

1. e4 d6 2. d4 g6 3. Nc3 Bg7 4. f4 Nc6 5. Be3 Nh6 6. h3 f6 7. Nf3 Nf7 8. Qd2
Bd7 9. d5 Nb8 10. Nd4 Qc8 11. Be2 c5 12. Nf3 a6 13. a4 b6 14. Bc4 O-O 15. O-O
Kh8 16. Nd1 Qe8 17. Bb3 Qc8 18. c4 Ra7 19. Bc2 Rb7 20. Rb1 b5 21. axb5 axb5 22.
b3 Na6 23. Bd3 Nb4 24. Be2 bxc4 25. bxc4 f5 26. Nf2 fxe4 27. Nh4 Bf6 28. g3
Bxh3 29. Ng2 Ra7 30. g4 Ra2 31. Qd1 Bxg2 32. Kxg2 Nc2 33. Qd2 Nxe3+ 34. Qxe3
Bd4 35. Qxe4 Qd7 36. Rh1 Kg7 37. Rbf1 Nh6 38. Qf3 Qe8 39. Qh3 Kh8 40. Qxh6 Rf7
41. Qxg6 Qg8 1/2-1/2

[Event "Frankfurt Ch 2010"]
[Site "Ffm-Kalbach, LAZ"]
[Date "2010.06.07"]
[Round "6.46"]
[White "Bitzer, André"]
[Black "Schwabe, Michael"]
[Result "1/2-1/2"]
[WhiteElo "1720"]
[BlackElo "1896"]
[PlyCount "55"]
[EventDate "2010.??.??"]
[SourceDate "2009.03.13"]
[WhiteTeam "SV Griesheim(DA)"]
[BlackTeam "Chess Tigers SFV"]

1. b3 d5 2. Bb2 c5 3. e3 Nc6 4. Bb5 Qb6 5. Bxc6+ Qxc6 6. f4 Nf6 7. Nf3 g6 8.
O-O Bg7 9. d3 O-O 10. Nbd2 b6 11. Ne5 Qd6 12. Qe2 Nd7 13. Ndf3 f6 14. Nxd7 Bxd7
15. e4 Qc6 16. e5 Bg4 17. Rae1 e6 18. h3 Bxf3 19. Rxf3 Rae8 20. exf6 Bxf6 21.
Bxf6 Rxf6 22. g4 Qd6 23. Qe5 Qxe5 24. Rxe5 Ref8 25. Kg2 Rxf4 26. Rxf4 Rxf4 27.
Rxe6 Rf7 28. c4 1/2-1/2

[Event "Frankfurt Ch 2010"]
[Site "Ffm-Kalbach, LAZ"]
[Date "2010.06.07"]
[Round "6.48"]
[White "Zerhusen, Martin"]
[Black "Ahlheim, Marcus"]
[Result "1-0"]
[WhiteElo "1696"]
[BlackElo "1548"]
[PlyCount "99"]
[EventDate "2010.??.??"]
[SourceDate "2009.03.13"]
[WhiteTeam "SV Oberursel"]
[BlackTeam "Sfr.1891 Friedberg"]

1. d4 d5 2. c4 e6 3. Nc3 Nf6 4. Bg5 Nbd7 5. e3 c6 6. a3 dxc4 7. Bxc4 Qa5 8. Bf4
Nb6 9. Qb3 Nxc4 10. Qxc4 Be7 11. Nf3 O-O 12. O-O Nh5 13. b4 Qf5 14. Bc7 Nf6 15.
Rab1 Bd7 16. h3 Rac8 17. Bh2 Rfd8 18. Rfc1 h6 19. Qb3 a6 20. Na4 Nd5 21. Nc5 b6
22. e4 Qg6 23. Nxd7 Rxd7 24. exd5 Rxd5 25. Bf4 Rf5 26. Bg3 c5 27. dxc5 bxc5 28.
bxc5 Rcxc5 29. Rxc5 Rxc5 30. Rd1 Rb5 31. Qa4 Kh7 32. Qxa6 Rb3 33. a4 f5 34. Nd4
Rb2 35. Qxe6 Qxe6 36. Nxe6 Ra2 37. Rd7 Bf6 38. Ra7 Kg8 39. a5 g5 40. Bc7 Re2
41. Ra6 Kf7 42. Nd8+ Ke7 43. Nb7 Kd7 44. Rxf6 Kxc7 45. a6 Ra2 46. Rxh6 Kb8 47.
g3 Ka7 48. Kg2 Rd2 49. Nc5 Ra2 50. Nb3 1-0

[Event "Frankfurt Ch 2010"]
[Site "Ffm-Kalbach, LAZ"]
[Date "2010.06.07"]
[Round "6.49"]
[White "Slobodetski, Oleg"]
[Black "Wolff, Juergen"]
[Result "0-1"]
[WhiteElo "1287"]
[BlackElo "1696"]
[PlyCount "86"]
[EventDate "2010.??.??"]
[SourceDate "2009.03.13"]
[WhiteTeam "SV KS 1929 Großauheim"]
[BlackTeam "SC 1933 Somborn"]

1. e4 c5 2. Nf3 d6 3. d4 cxd4 4. Nxd4 Nf6 5. Nc3 a6 6. Be3 e5 7. Nb3 Be6 8. f3
Nbd7 9. g4 b5 10. Qd2 Nb6 11. O-O-O Nc4 12. Qf2 Nxe3 13. Qxe3 Be7 14. Kb1 O-O
15. h4 Qc7 16. h5 Rfc8 17. Bd3 b4 18. Nd5 Bxd5 19. exd5 Nxd5 20. Qe4 Nf6 21.
Qxb4 a5 22. Qa4 d5 23. Bf5 Rcb8 24. g5 Rb4 25. Qxb4 Bxb4 26. gxf6 a4 27. Rhg1
Bf8 28. fxg7 Be7 29. Rxd5 axb3 30. axb3 Qa7 31. Bxh7+ Kxh7 32. g8=Q+ Rxg8 33.
Rxg8 Kxg8 34. Rxe5 Qg1+ 35. Ka2 Bf6 36. Rf5 Bh8 37. b4 Qd4 38. c3 Qc4+ 39. Ka3
Bxc3 40. Rg5+ Bg7 41. h6 Qa6+ 42. Ra5 Qxh6 43. b3 Qh1 0-1

[Event "Frankfurt Ch 2010"]
[Site "Ffm-Kalbach, LAZ"]
[Date "2010.06.07"]
[Round "6.50"]
[White "Kümmel, Werner"]
[Black "Krischak, Werner"]
[Result "0-1"]
[WhiteElo "1279"]
[BlackElo "1827"]
[PlyCount "42"]
[EventDate "2010.??.??"]
[SourceDate "2009.03.13"]
[WhiteTeam "SC Bad Soden"]
[BlackTeam "SK Marburg 1931/72"]

1. d4 d5 2. c4 c6 3. Nf3 Nf6 4. Nc3 dxc4 5. e4 b5 6. a4 Qd7 7. axb5 cxb5 8. g3
e6 9. Bg2 Bb7 10. Ne5 Qc8 11. Nxb5 Bxe4 12. Bxe4 Nxe4 13. O-O Nd7 14. Nxa7 Qb7
15. Qa4 Bd6 16. Nxd7 Qxd7 17. Qxd7+ Kxd7 18. f3 Nf6 19. Bd2 Rhb8 20. Bc3 Rb7
21. d5 Bc5+ 0-1

[Event "Frankfurt Ch 2010"]
[Site "Ffm-Kalbach, LAZ"]
[Date "2010.06.07"]
[Round "6.51"]
[White "Bittner, Peter"]
[Black "Rolf, Marco"]
[Result "1-0"]
[WhiteElo "1967"]
[BlackElo "1479"]
[PlyCount "122"]
[EventDate "2010.??.??"]
[SourceDate "2009.03.13"]
[WhiteTeam "SC Brett vor'm Kopp Ffm"]
[BlackTeam "SK Bad Homburg 1927"]

1. Nf3 e6 2. d4 Nf6 3. Nc3 d5 4. Bg5 Be7 5. e3 Nbd7 6. Bd3 h6 7. Bh4 c5 8. dxc5
Bxc5 9. O-O O-O 10. e4 dxe4 11. Nxe4 Be7 12. Qe2 Nd5 13. Bg3 Nc5 14. Bc4 Nxe4
15. Qxe4 Nf6 16. Qe2 Qb6 17. Be5 Bd7 18. Bd4 Qc7 19. Ne5 Rfd8 20. Ng4 Qf4 21.
Nxf6+ Bxf6 22. Be3 Qh4 23. Rfd1 Bc6 24. c3 Be5 25. h3 Qe4 26. f3 Qg6 27. Rxd8+
Rxd8 28. Bxa7 Qg3 29. Kf1 Qh2 30. Bg1 Qh1 31. Qxe5 Bxf3 32. gxf3 Qxh3+ 33. Ke2
Qg2+ 34. Ke3 Qxb2 35. Ke4 Qxa1 36. Be3 Qb1+ 37. Kf4 g5+ 38. Kg3 Qe1+ 39. Kh3
Qh4+ 40. Kg2 Qxc4 41. Bd4 Rxd4 42. cxd4 Qxa2+ 43. Kg3 Qd5 44. Qf6 Qd6+ 45. Kg2
Qf8 46. f4 gxf4 47. Qxf4 Qg7+ 48. Kf2 f6 49. Qd6 Qf7 50. Qf4 Kh7 51. Qd6 b5 52.
Qb4 Qd7 53. Qc5 Qd5 54. Ke2 Qc4+ 55. Ke3 Kg6 56. Qd6 Qc3+ 57. Kf2 Qd2+ 58. Kf3
Qd3+ 59. Kf2 Qf5+ 60. Ke2 e5 61. d5 Qe4+ 1-0

[Event "Frankfurt Ch 2010"]
[Site "Ffm-Kalbach, LAZ"]
[Date "2010.06.07"]
[Round "6.53"]
[White "Rauscher, Joachim"]
[Black "Hartmann, Stephan"]
[Result "0-1"]
[WhiteElo "1651"]
[BlackElo "1406"]
[PlyCount "94"]
[EventDate "2010.??.??"]
[SourceDate "2009.03.13"]
[WhiteTeam "SC Brett vor'm Kopp Ffm"]
[BlackTeam "SG Turm Idstein"]

1. e4 e5 2. Nf3 Nc6 3. Bb5 d6 4. d4 exd4 5. Nxd4 Bd7 6. Nc3 Nxd4 7. Bxd7+ Qxd7
8. Qxd4 Nf6 9. O-O Be7 10. f4 c5 11. Qd3 Qc6 12. f5 O-O-O 13. Nd5 Nxd5 14. exd5
Qb6 15. c4 Bf6 16. Rb1 Bd4+ 17. Kh1 Rde8 18. a3 Re7 19. b4 Rhe8 20. Bd2 Qd8 21.
bxc5 dxc5 22. f6 gxf6 23. Qxh7 Qd7 24. Rfe1 Re2 25. Rxe2 Rxe2 26. Bf4 b6 27.
Bg3 Kb7 28. Qh5 Rc2 29. d6 Qc6 30. Qxf7+ Kc8 31. Qe6+ Kb7 32. Qd5 Qxd5 33. cxd5
Kc8 34. h4 Re2 35. h5 c4 36. h6 c3 37. h7 Re8 38. Re1 Rxe1+ 39. Bxe1 f5 40. Bg3
c2 41. Bf4 b5 42. g3 a5 43. Kg2 b4 44. axb4 axb4 45. Be3 Bh8 46. Kf2 b3 47. Bc1
b2 0-1